000 00460nam a2200193Ia 4500
020 _a0028020332
020 _a9780028020334
040 _cXXW
082 _a808 GLE 1995 A096 Or.
100 1 _aEmory, Doug
245 1 0 _aImprove your essays. /
260 _aNew York :
_bGlencoe,
_c1995
300 _axvi, 466, 156 p. ;
_c24 cm
500 _aIncludes index
650 0 _aEnglish language
650 0 _aEnglish language
650 0 _aEssay
942 _cEK
999 _c14358
_d14358